[Event "Doeberl Cup U1200 48th"]
[Site "Canberra"]
[Date "2010.04.03"]
[Round "4"]
[White "Goldrick, Edmund"]
[Black "Solomon, Rachael"]
[Result "1-0"]
[WhiteElo "780"]
[BlackElo "453"]
[PlyCount "81"]
[EventDate "2010.04.02"]
[EventType "swiss"]
[EventRounds "6"]
[EventCountry "AUS"]
[SourceTitle "EXT 2012"]
[Source "ChessBase"]
[SourceDate "2011.11.24"]
[SourceVersion "1"]
[SourceVersionDate "2011.11.24"]
[SourceQuality "1"]

1. e4 e5 2. Nf3 Nc6 3. Bc4 Nf6 4. d3 d6 5. Nc3 Be6 6. Bd5 Bxd5 7. exd5 Nd4 8. Bg5 Nxf3+ 9. Qxf3 Be7 10. Bxf6 Bxf6 11. Ne4 Rg8 12. 0-0-0 Bg5+ 13. Kb1 Bf6 14. Qf5 h6 15. Rhe1 Qe7 16. d4 Kf8 17. dxe5 Qxe5 18. Qxe5 Bxe5 19. c4 f5 20. Ng3 Bxg3 21. hxg3 Kf7 22. Re3 Kg6 23. Rde1 Rae8 24. Rxe8 Rxe8 25. Rxe8 Kg5 26. f3 f4 27. Re7 h5 28. Rxg7+ Kf5 29. gxf4 Kxf4 30. Rxc7 Kg3 31. Rh7 h4 32. c5 Kxg2 33. Rxh4 Kg3 34. Rh7 Kxf3 35. cxd6 Ke4 36. d7 Kxd5 37. d8Q+ Kc5 38. Rc7+ Kb6 39. Qd6+ Ka5 40. Rc5+ Kb4 41. Qd4# 1-0